A management guide to security in the workplace. (Record no. 60971)

MARC details
000 -LEADER
fixed length control field 00746cam a2200193 4500
001 - CONTROL NUMBER
control field ABS61250
008 - FIXED-LENGTH DATA ELEMENTS--GENERAL INFORMATION
fixed length control field 000000n1999 000 0 eng u
035 ## - SYSTEM CONTROL NUMBER
System control number (Sirsi) u101866
100 ## - MAIN ENTRY--PERSONAL NAME
Personal name Moody, M.
245 #2 - TITLE STATEMENT
Title A management guide to security in the workplace.
260 ## - PUBLICATION, DISTRIBUTION, ETC.
Date of publication, distribution, etc. 1999
490 ## - SERIES STATEMENT
Series statement Facilities Management Guide
Volume/sequential designation (24) August 1999 (16)(LOAN)
520 ## - SUMMARY, ETC.
Summary, etc. A guide to workplace security, looking at planning a security system, closed circuit television (CCTV), access control, intruder alarms, asset protection, manned guarding, information protection, and security management.
650 ## - SUBJECT ADDED ENTRY--TOPICAL TERM
Topical term or geographic name entry element SECURITY
650 ## - SUBJECT ADDED ENTRY--TOPICAL TERM
Topical term or geographic name entry element RISK ASSESSMENT
650 ## - SUBJECT ADDED ENTRY--TOPICAL TERM
Topical term or geographic name entry element FACILITES MANAGEMENT
690 ## - LOCAL SUBJECT ADDED ENTRY--TOPICAL TERM (OCLC, RLIN)
Topical term or geographic name as entry element OFFICE SERVICES AND ADMINISTRATION
942 ## - ADDED ENTRY ELEMENTS (KOHA)
Suppress in OPAC 0
Holdings
Withdrawn status Lost status Source of classification or shelving scheme Damaged status Not for loan Home library Current library Shelving location Date acquired Total Checkouts Full call number Barcode Date last seen Copy number Price effective from Koha item type Date last checked out
    Dewey Decimal Classification     London London Journal article 11/11/1999   ABS61250 101866-1001 06/08/2019 1 06/08/2019 Journal article  
    Dewey Decimal Classification     London London Journal article 06/12/1999 2 ABS61250 30060051 06/08/2019 2 06/08/2019 Book 08/12/1999